| 000 | 01225nam a2200265 i 4500 | ||
|---|---|---|---|
| 001 | 166166 | ||
| 003 | ES-MaACL | ||
| 005 | 20230906213257.0 | ||
| 008 | 931025s1778 sp a |||| | spa d | ||
| 100 | 0 |
_aTeresa de Jesús, _cSanta, _d1515-1582 _9226510 |
|
| 245 | 1 | 0 | _aObras de la gloriosa madre Santa Teresa de Jesús... |
| 260 |
_aEn Madrid : _ben la Imprenta de Josef Doblado, _c1778. |
||
| 300 |
_a[12], 612, LXIII p., [5] h. de grab. ; _c4º mayor (26 cm) |
||
| 505 | 8 | _aContiene: Las moradas o Castillo interior | |
| 530 | _aDisponible en formato digital. | ||
| 594 | _aEn antep.: Obras ... de Santa Teresa de Jesus. Tomo II. | ||
| 597 | _aPort. a dos tintas con viñeta xil. | ||
| 597 | _aSign.: [ ]2, a4, A-Z4, 2A-2Z4, 3A-3Z4, 4A-4G4, 4H2, 4I-4Q4. | ||
| 599 | _aLas [5] h. de grab. son calc.: "I\ps\s á Palom.º Sculp.", entre p. [2] y [3], [12] y 1, 232 y 233, [496] y [497], 524 y [525] | ||
| 650 |
_aMisticismo. _915086 |
||
| 740 | 3 | 2 | _aLas moradas o Castillo interior. |
| 852 |
_aES-MaACL _jR-197-198 _z- Enc. pasta española _x Olim: B-81-82 |
||
| 856 |
_uhttp://hdl.handle.net/10347/1517 _zRepositorio Institucional da Universidade de Santiago de Compostela |
||
| 999 |
_c166166 _d166166 |
||